LIBRARY ONLINE CATALOGUE

Operating Systems. (Record no. 10744)

MARC details
000 -LEADER
fixed length control field 00588cam a22002172 4500
001 - CONTROL NUMBER
control field 0000004229
005 - DATE AND TIME OF LATEST TRANSACTION
control field 20151217154346.0
008 - FIXED-LENGTH DATA ELEMENTS--GENERAL INFORMATION
fixed length control field 070521s xx 000 0 eng d
020 ## - INTERNATIONAL STANDARD BOOK NUMBER
International Standard Book Number 8129706148 :
040 ## - CATALOGING SOURCE
Original cataloging agency KABU
Transcribing agency KABU
050 #0 - LIBRARY OF CONGRESS CALL NUMBER
Classification number QA76.76
Item number .O63N88 2004
100 1# - MAIN ENTRY--PERSONAL NAME
Personal name Nutt, Gary.
-- 0000154686
245 10 - TITLE STATEMENT
Title Operating Systems.
250 ## - EDITION STATEMENT
Edition statement 3rd ed.
260 ## - PUBLICATION, DISTRIBUTION, ETC. (IMPRINT)
Place of publication, distribution, etc. Delhi :
Name of publisher, distributor, etc. Pearson Educ.,
Date of publication, distribution, etc. 2004.
300 ## - PHYSICAL DESCRIPTION
Extent 928 p.
650 #0 - SUBJECT ADDED ENTRY--TOPICAL TERM
Topical term or geographic name as entry element Operating systems (Computers)
-- 0000146540
908 ## - PUT COMMAND PARAMETER (RLIN)
Put command parameter 070521
950 ## - LOCAL HOLDINGS (RLIN)
-- 1
Holdings
Withdrawn status Lost status Source of classification or shelving scheme Not for loan Home library Current library Date acquired Total Checkouts Full call number Barcode Date last seen Date last checked out Price effective from Koha item type
    Library of Congress Classification   Kabarak, Main Campus Kabarak, Main Campus 17/12/2015 6 QA76.76 .O63N88 2004 013105 18/06/2024 03/06/2024 17/12/2015 General Collection